Oscars Meilleurs Films par Affiche - Statistiques

Statistiques générales
  • Ce quiz a été pris 154 fois
    27 depuis la dernière actualisation
  • Le résultat moyen est 26 sur 98
Statistiques - réponses
Par images Hint Réponse % Correct
2000 Gladiator
90%
2003 Le Seigneur des Anneaux : Le Retour du Roi
90%
1997 Titanic
90%
1994 Forrest Gump
85%
1972 Le Parrain
75%
1991 Le Silence des Agneaux
70%
2019 Parasite
65%
2011 The Artist
60%
1975 Vol au-dessus d'un Nid de Coucou
60%
1982 Gandhi
55%
2018 Green Book
55%
1993 La Liste de Schindler
55%
2010 Le Discours d'un Roi
55%
2004 Million Dollar Baby
55%
2023 Oppenheimer
55%
1988 Rain Man
55%
1976 Rocky
55%
1995 Braveheart
50%
2008 Slumdog Millionaire
50%
2025 Une Bataille Après l'Autre
50%
1974 Le Parrain 2
45%
1999 American Beauty
40%
2014 Birdman
40%
1939 Autant en Emporte le Vent
35%
1950 Ève
35%
2022 Everything Everywhere All At Once
35%
2006 Les Infiltrés
35%
2016 Moonlight
35%
2007 No Country For Old Men
35%
1998 Shakespeare in Love
35%
2013 12 Years A Slave
30%
2012 Argo
30%
2002 Chicago
30%
1990 Danse avec les Loups
30%
2009 Démineurs
30%
1979 Kramer contre Kramer
30%
2017 La Forme de l'Eau
30%
1985 Out Of Africa
30%
1986 Platoon
30%
1959 Ben-Hur
25%
1962 Lawrence d'Arabie
25%
1987 Le Dernier Empereur
25%
1989 Miss Daisy et son Chauffeur
25%
1929/30 À l'Ouest, Rien De Nouveau
20%
2024 Anora
20%
1943 Casablanca
20%
1992 Impitoyable
20%
1981 Les Chariots de Feu
20%
1964 My Fair Lady
20%
2015 Spotlight
20%
1978 Voyage au Bout de l'Enfer
20%
2021 CODA
15%
1967 Dans la Chaleur de la Nuit
15%
1965 La Mélodie du Bonheur
15%
1973 L'Arnaque
15%
1996 Le Patient Anglais
15%
1957 Le Pont de la Rivière Kwaï
15%
1956 Le Tour du Monde en Quatre-Vingt Jours
15%
1969 Macadam Cowboy
15%
2020 Nomadland
15%
1940 Rebecca
15%
1951 Un Américain à Paris
15%
2001 Un Homme d'Exception
15%
1961 West Side Story
15%
1984 Amadeus
10%
1977 Annie Hall
10%
1928/29 Broadway Melody
10%
1932/33 Cavalcade
10%
1971 French Connection
10%
1931/32 Grand Hotel
10%
1948 Hamlet
10%
1960 La Garçonnière
10%
1944 La Route Semée d'Étoile
10%
1930/31 La Ruée vers l'Ouest
10%
1937 La Vie d'Emile Zola
10%
1936 Le Grand Ziegfeld
10%
1927/28 Les Ailes
10%
1935 Les Révoltés du Bounty
10%
1934 New York-Miami
10%
1970 Patton
10%
1941 Quelle Était Verte Ma Vallée
10%
1952 Sous le Plus Grand Chapiteau du Monde
10%
1954 Sur les Quais
10%
1963 Tom Jones
10%
1938 Vous Ne l'Emporterez Pas Avec Vous
10%
2005 Collision
5%
1980 Des Gens comme les Autres
5%
1958 Gigi
5%
1947 Le Mur Invisible
5%
1945 Le Poison
5%
1949 Les Fous du Roi
5%
1946 Les Plus Belles Années de notre Vie
5%
1942 Madame Miniver
5%
1955 Marty
5%
1968 Oliver !
5%
1953 Tant qu'il y Aura des Hommes
5%
1983 Tendres Passions
5%
1966 Un Homme pour l'Éternité
5%
Aucun quiz correspondant
Distribution des résultats
% des personnes avec chaque résultat
Percentile par nombre de réponses
Votre historique - résultats
Vous n’avez pas pris ce quiz depuis la dernière actualisation